Statistiques concernant Pays d'Océanie en 1 minute

Cliquez ici pour prendre le quiz!

Statistiques générales

  • Ce quiz a été pris 1 003 fois
  • Le résultat moyen est 12 sur 14

Statistiques - réponses

Réponse% Correct
#1Australie
99%
#7Nouvelle-Zélande
97%
#2Fidji
93%
#12Tonga
88%
#14Vanuatu
88%
#3Îles Marshall
87%
#13Tuvalu
87%
#11Samoa
86%
#5Micronésie
85%
#6Nauru
85%
#9Papouasie-Nouvelle-Guinée
84%
#8Palaos
83%
#10Salomon
83%
#4Kiribati
82%

Distribution des résultats

Percentile par nombre de réponses

% des personnes avec chaque résultat

Votre développement - résultats

Vous n’avez pas pris ce quiz